Výstava súčasného slovenského výtvarníctva vo Washingtone

Bibliographic Details
Main Authors: Šimko, Ján, 1920-2011 (Author), Černý, Stanislav, 1956- (Author), Kállay, Dušan, 1948- (Author), Brun, Robert, 1948- (Author), Gažovič, Vladimír, 1939- (Author), Sigetová, Agneša, 1939-2004 (Author), Laubert, Otis, 1946- (Author), Jankovič, Jozef, 1937-2017 (Author), Baron, Karol, 1939-2004 (Author), Krén, Matej, 1958- (Author), Pichler, Karol, 1957- (Author)
Format: Article
Language:Slovak
ISSN:0862-8823
Subjects:

MARC

LEADER 00000nab a2200000 a 4500
001 vtls000568787
003 SK-MaSNL
005 20260303223203.0
008 120929c xo 0 slo
015 |a SNBRB19rr/mm-uuuuu 
035 |a CL0568925 
040 |a SNKBUCL  |b slo  |c SNKBUCL  |e AACR2 
041 0 |a slo 
044 |a xo  |c SK 
080 |a 73/76.036(437.6):061.4(73)  |2 1981 
100 1 |a Šimko, Ján,  |d 1920-2011  |4 aut  |9 57521 
245 1 0 |a Výstava súčasného slovenského výtvarníctva vo Washingtone  |c Ján Šimko 
650 0 7 |a slovenské výtvarné umenie  |2 snkbucl  |9 68597 
655 7 |a články z novín a časopisov  |2 snkbucl  |9 267496 
700 1 |a Černý, Stanislav,  |d 1956-  |4 aut  |9 56493 
700 1 |a Kállay, Dušan,  |d 1948-  |4 aut  |9 93799 
700 1 |a Brun, Robert,  |d 1948-  |4 aut  |9 158852 
700 1 |a Gažovič, Vladimír,  |d 1939-  |4 aut  |9 239536 
700 1 |a Sigetová, Agneša,  |d 1939-2004  |4 aut  |9 231222 
700 1 |a Laubert, Otis,  |d 1946-  |4 aut  |9 113347 
700 1 |a Jankovič, Jozef,  |d 1937-2017  |4 aut  |9 165134 
700 1 |a Baron, Karol,  |d 1939-2004  |4 aut  |9 5828 
700 1 |a Krén, Matej,  |d 1958-  |4 aut  |9 119957 
700 1 |a Pichler, Karol,  |d 1957-  |4 aut  |9 152215 
773 0 |t Slovenské národné noviny  |g Roč. 6 (10), č. 51 (1995), s. 10  |x 0862-8823 
850 |a Slovenská národná knižnica v Martine  |a MTA001 
852 |a SNK  |b KIS3GCP 
958 |a RK 
992 |a RBX 
999 |c 2246413  |d 2248343